Manual de redacción e investigación documental
| Main Author: | |
|---|---|
| Format: | Section = Libro |
| Language: | Undetermined Spanish |
| Published: |
México
Trillas
1980
|
| Edition: | 2a.ed |
| Subjects: |
| LEADER | 00560nam a2200205Ia 4500 | ||
|---|---|---|---|
| 008 | 240830s9999 xx 000 0 und d | ||
| 020 | |a 968-24-0867-9 | ||
| 040 | |a CEDOC FIQ-RUSB / 001.4 G635 | ||
| 041 | |a spa | ||
| 082 | |a 001.4 G635 | ||
| 100 | 1 | |a Gonzalez Reyna, Susana | |
| 245 | 1 | 0 | |a Manual de redacción e investigación documental |
| 250 | |a 2a.ed | ||
| 260 | |a México |b Trillas |c 1980 | ||
| 300 | |a 181 p. :il | ||
| 650 | 7 | |a LENGUAJE Y REDACCIÓN | |
| 650 | 7 | |b TÉCNICAS DE INVESTIGACIÓN DOCUMENTAL | |
| 942 | |c BK |2 ddc | ||
| 991 | |a TEXTO | ||
| 999 | |c 13540 | ||